| 000 | 00477nam a2200169Ia 4500 | ||
|---|---|---|---|
| 999 |
_c36774 _d36774 |
||
| 003 | OSt | ||
| 005 | 20201215095806.0 | ||
| 008 | 190216s9999||||xx |||||||||||||| ||und|| | ||
| 040 | _coclc | ||
| 082 |
_a779.26924 _bSIT/S |
||
| 100 |
_aSitagita _97483 |
||
| 245 | 0 |
_aSitagita Speaks On Social Graces / _cSitagita |
|
| 260 |
_bRupa & Co, _aNew Delhi: _c2002. |
||
| 300 | _a66p | ||
| 650 | _aEnglish | ||
| 942 |
_cREF _2ddc _h779.26924 _iSIT/S _k779.26924 _mSIT/S |
||